Kerala on the march (Record no. 488435)

000 -LEADER
fixed length control field 00355cam a22001097a 4500
008 - FIXED-LENGTH DATA ELEMENTS--GENERAL INFORMATION
fixed length control field 180718b1957 xxu||||| |||| 00| 0 eng d
082 ## - DEWEY DECIMAL CLASSIFICATION NUMBER
Classification number B6x5453 M
245 ## - TITLE STATEMENT
Title Kerala on the march
Statement of responsibility, etc. by Department of Public Relations, Kerala
260 ## - PUBLICATION, DISTRIBUTION, ETC.
Place of publication, distribution, etc. Trivandrum
Name of publisher, distributor, etc. Department of Public Relations
Date of publication, distribution, etc. 1957
300 ## - PHYSICAL DESCRIPTION
Extent 88p.
700 ## - ADDED ENTRY--PERSONAL NAME
Personal name Kerala. Department of Public Relations
Holdings
Withdrawn status Lost status Damaged status Not for loan Permanent Location Current Location Date acquired Full call number Barcode Date last seen Price effective from Koha item type
        Indian Institute of Public Administration Indian Institute of Public Administration 2018-08-04 B6x5453 M GR2506 2018-08-04 2018-08-04 GR

Powered by Koha